000 01297nam a2200325Ia 4500
005 20220317000416.0
008 141031s9999 ck 000 0 spa d
020 _a9789587382006
082 0 4 _a362.6
_bD27
245 1 0 _aDerechos humanos y políticas públicas para el adulto mayor
_bsituación en Colombia y referencias iberoamericanas : Colombia, España, Ecuador, Cuba, Costa Rica, Uruguay
_cÓscar José Dueñas Ruiz...[y otros]
250 _a1a edición
300 _axix, 568 páginas
_c24 cm.
490 _aColección textos de jurisprudencia
504 _aIncluye biblogrfía
650 1 4 _2LEMB
_aAsistencia a la vejez
_zAmérica Latina
650 1 4 _2LEMB
_aAsistencia a la vejez
_zEspaña
650 1 4 _2LEMB
_aDerechos humanos
_zAmérica Latina
650 1 4 _2LEMB
_aDerechos humanos
_zEspaña
650 1 4 _2LEMB
_aPensiones a la vejez
_zAmérica Latina
650 1 4 _2LEMB
_aPensiones a la vejez
_zEspaña
650 1 4 _2LEMB
_aSeguridad social
_zAmérica Latina
650 1 4 _2LEMB
_aSeguridad social
_zEspaña
700 1 _aDueñas Ruiz, Oscar José
_914655
942 _2ddc
_cBK
264 _aBogotá
_bUniversidad del Rosario
_c2011
336 _atexto
_btxt
_2rdacontent
337 _asin mediación
_bn
_2rdamedia
338 _avolumen
_bnc
_2rdacarrier
040 _aCO-BoRNBP
_bspa
_erda
_cCO-BoRNBP
999 _c3955
_d3955